| 000 | 00497nam a2200181Ia 4500 | ||
|---|---|---|---|
| 003 | OSt | ||
| 005 | 20200824095405.0 | ||
| 008 | 190216s9999||||xx |||||||||||||| ||und|| | ||
| 020 | _a0333918339 | ||
| 040 | _coclc | ||
| 082 |
_a530.41 _bDEK/S |
||
| 100 |
_aDekker, Adrianus J _94292 |
||
| 245 | 0 |
_aSolid State Physics / _cAdrianus J Dekker |
|
| 260 |
_bMacmillan, _c1957. _aDelhi: |
||
| 300 | _a540p | ||
| 650 | _aPhysics | ||
| 942 |
_cBK _2ddc _h530.41 _iDEK/S _k530.41 _mDEK/S |
||
| 999 |
_c33491 _d33491 |
||